00138 a2200073 450000100060000008200160000610000160002224500260003858596 a297.1227KAS aAbn-e-Qutab atafseer bayanul quran